• 首页
  • 本馆介绍
  • 公告通知
  • 最新文献
  • 馆藏检索
  • 电子资源
  • 读者导购
  • 参考咨询
  • 我的图书馆
  • 登录
  • 详细信息显示
  • 放入我的书架
  • 预约/预借图书
  • 作者相关作品
  • 分类相关作品
  • 丛书相关作品
  • 出版社相关作品

书目信息

  • 表格格式
  • 工作单格式
  • 卡片格式
题名:
西方绘画大师经典作品
    
 
作者: 杨参军 主编 ;卢家华 编著
分册:   马奈
出版信息: 济南   山东美术出版社  2011.11
页数: 208页
开本: 31cm
丛书名:
单 册:
中图分类: J231 , J233(565)
科图分类:
主题词: 绘画--作品集--世界 , 油画--作品集--法国--近代 , 绘画 , 油画
电子资源:
ISBN: 978-7-5330-3567-9
000 00943nam0 2200289 450
001 010050028151
005 20140612094122.38
010    @a978-7-5330-3567-9@dCNY98.00
100    @a20120202d2011 em y0chiy50 ea
101 0  @achi
102    @aCN@b370000
105    @aaf z 000yy
106    @ar
200 1  @a西方绘画大师经典作品@9xi fang hui hua da shi jing dian zuo pin@i马奈@f杨参军主编@g卢家华编著
210    @a济南@c山东美术出版社@d2011.11
215    @a208页@c图,照片@d31cm
330    @a本书主要内容包括:有牡蛎的静物;有鱼的静物;大马哈鱼;瓶中的牡丹花;一束牡丹花和大剪刀;一篮水果;瓜和桃子;有大马哈鱼的静物等。
606 0  @a绘画@x作品集@y世界
606 0  @a油画@x作品集@y法国@z近代
606 0  @a绘画
606 0  @a油画
690    @aJ231@v4
690    @aJ233(565)@v4
701  0 @a杨参军@9yang can jun@4主编
702  0 @a卢家华@9lu jia hua@4编著
801  0 @aCN@bRENTIAN@c20120202
905    @b549487-89@dJ231@e96@f3
    
    西方绘画大师经典作品.马奈/杨参军主编/卢家华编著.-济南:山东美术出版社,2011.11
    208页:图,照片;31cm
    
    
    ISBN 978-7-5330-3567-9:CNY98.00
    本书主要内容包括:有牡蛎的静物;有鱼的静物;大马哈鱼;瓶中的牡丹花;一束牡丹花和大剪刀;一篮水果;瓜和桃子;有大马哈鱼的静物等。
●
相关链接 在E读中查询图书 在五车中查询图书 在当当中查询图书 在豆瓣中查询图书


正题名:西方绘画大师经典作品     索取号:J231/96         预约/预借

序号 登录号 条形码 馆藏地/架位号 状态 备注
1 549487   205494874   第一样本阅览室/ [索取号:J231/96] 在馆    
2 549488   205494883   第一借阅区/ [索取号:J231/96] 在馆    
3 549489   205494892   第一借阅区/ [索取号:J231/96] 在馆    
唐山师范学院图书馆 欢迎您!
大连网信软件有限公司© 版权所有